00540nam a2200145Ia 4500008004100000020001800041082002200059100002100081245011800102250001400220260002500234300001100259440001300270650011100283120622s9999 xx 000 0 und d a968-23-1592-1 a330.98 C965d 1990 aCueva, Agustín aEl desarrollo del capitalismmo en América Latina : ensayo de interpretación histórica / por Agustín Cueva a13 / aum. aMéxico : Siglo XXI a275 p. aHistoria a1. AMERICA LATINA - CONDICIONES ECONOMICAS - ENSAYOS, CONFERENCIAS, ETC. \ 2. AMERICA LATINA - HISTORIAÌ